Least Fragile Countries of the Americas - Statistics

General Stats
  • This quiz has been taken 54 times
  • The average score is 18 of 20
Answer Stats
Global Rank Score Country % Correct
172 18.6 Canada
100%
141 44.5 United States
98%
135 48 Bahamas
94%
146 41.1 Chile
94%
150 39.4 Costa Rica
94%
142 44.2 Argentina
92%
136 47.7 Panama
92%
157 33.7 Uruguay
90%
140 44.7 Barbados
88%
108 60.2 Dominican Republic
88%
109 59.3 Jamaica
88%
112 59.1 Cuba
86%
111 59.2 Guyana
86%
113 58.8 Suriname
86%
125 53.5 Trinidad and Tobago
86%
117 57 Belize
84%
90 68 Ecuador
84%
127 51.9 Antigua and Barbuda
80%
105 61.5 Paraguay
80%
127 51.9 Grenada
75%
No matching quizzes found
Score Distribution
Percent of People with Each Score
Percentile by Number Answered
Your Score History
You have not taken this quiz